DISEÑO Y PLANIFICACIÓN DE CARRETERA DE PAVIMENTO RÍGIDO Y DOS PUENTES VEHICULARES DE CONCRETO REFORZADO, EN EL ÁREA URBANA DEL MUNICIPIO DE SAN PABLO TAMAHÚ, DEPARTAMENTO DE ALTA VERAPAZ./ (Registro nro. 2105)
[ vista simple ]
| 000 -LEADER | |
|---|---|
| campo de control de longitud fija | 03162nam a22003377a 4500 |
| 001 - NÚMERO DE CONTROL | |
| campo de control | TIC 0012 |
| 003 - IDENTIFICADOR DE NÚMERO DE CONTROL | |
| campo de control | gtcocun |
| 005 - FECHA Y HORA DE LA ÚLTIMA TRANSACCIÓN | |
| campo de control | 20250923184923.0 |
| 006 - CÓDIGOS DE INFORMACIÓN DE LONGITUD FIJA--CARACTERÍSTICAS DEL MATERIAL ADICIONAL | |
| campo de control de longitud fija | a||||gr|||| 00| 0 |
| 007 - CAMPO FIJO DE DESCRIPCIÓN FÍSICA--INFORMACIÓN GENERAL | |
| campo de control de longitud fija | ta |
| 008 - DATOS DE LONGITUD FIJA--INFORMACIÓN GENERAL | |
| campo de control de longitud fija | 250923b2021 gt ||||| m||| 00| 0 eng d |
| 040 ## - FUENTE DE CATALOGACIÓN | |
| Centro catalogador/agencia de origen | gtcocun |
| Lengua de catalogación | SPA |
| Centro/agencia transcriptor | gtcocun |
| Normas de descripción | RDA |
| 041 ## - CÓDIGO DE IDIOMA | |
| Código de lengua del texto/banda sonora o título independiente | SPA TIC 0012 |
| 084 ## - OTRO NÚMERO DE CLASIFICACIÓN | |
| Número de control del registro de autoridad o número normalizado | TIC 0012 |
| 100 ## - ENTRADA PRINCIPAL--NOMBRE DE PERSONA | |
| Nombre de persona | Robles Alonzo, Edgar Fernando |
| Término indicativo de función/relación | Autor |
| 245 ## - MENCIÓN DEL TÍTULO | |
| Título | DISEÑO Y PLANIFICACIÓN DE CARRETERA DE PAVIMENTO RÍGIDO Y DOS PUENTES VEHICULARES DE CONCRETO REFORZADO, EN EL ÁREA URBANA DEL MUNICIPIO DE SAN PABLO TAMAHÚ, DEPARTAMENTO DE ALTA VERAPAZ./ |
| Mención de responsabilidad, etc. | Edgar Fernando Robles Alonzo. |
| Medio | Impreso |
| 264 ## - PRODUCCIÓN, PUBLICACIÓN, DISTRIBUCIÓN, FABRICACIÓN Y COPYRIGHT | |
| Producción, publicación, distribución, fabricación y copyright | Cobán, Alta Verapaz: |
| Nombre del de productor, editor, distribuidor, fabricante | Universidad de San Carlos de Guatemala, Centro Universitario del Norte, |
| 300 ## - DESCRIPCIÓN FÍSICA | |
| Extensión | 145 p.: |
| Otras características físicas | Ilustraciones, gráficas. |
| Dimensiones | 28 cm; |
| 300 ## - DESCRIPCIÓN FÍSICA | |
| Dimensiones | |
| 336 ## - TIPO DE CONTENIDO | |
| Fuente | rdacontenido |
| Término de tipo de contenido | Texto |
| Código de tipo de contenido | txt |
| 337 ## - TIPO DE MEDIO | |
| Fuente | rdamedio |
| Nombre/término del tipo de medio | Computadora |
| Código del tipo de medio | n |
| 338 ## - TIPO DE SOPORTE | |
| Fuente | rdasoporte |
| Nombre/término del tipo de soporte | Código en línea |
| Código del tipo de soporte | cr |
| 502 ## - NOTA DE TESIS | |
| identificador de la tesis | TIC 0012 |
| 502 ## - NOTA DE TESIS | |
| Nota de tesis | Tesis de grado |
| Tipo de título | Ingeniería Civil, |
| Nombre de la institución que otorga el título | Universidad de San Carlos de Guatemala, Centro Universitario del Norte, Ingeniería Civil, |
| Año de obtención del título | 2022 |
| Identificador de la tesis | TIC 0012 |
| 520 14 - RESUMEN, ETC. | |
| Sumario, etc. | El Ejercicio Profesional Supervisado, es una proyección de la Universidad de San Carlos<br/>de Guatemala, este fue realizado en la dirección municipal de planificación de la<br/>municipalidad de San Pablo Tamahú, Alta Verapaz, para atender a la problemática del<br/>casco urbano del municipio.<br/>Se realizó una evaluación diagnostica de situaciones encontradas competentes al área de ingeniería civil, una monografía del municipio y los recursos disponibles de la<br/>municipalidad. En la fase de planificación se determinó la problemática a tratar y la<br/>metodología a utilizar.<br/>Se realizó el diseño de una carretera de circunvalación del casco urbano del municipio, este diseño incluye una carretera de pavimento rígido de 1 403.00 metros de tipo D con una velocidad de diseño de 40.00 km/hr, un puente de longitud de 12.00 metros y un puente de<br/>14.00 metros, ambos de tipo viga - losa de concreto reforzado, se incluyen la memoria de cálculo especificaciones técnicas, planos constructivos, presupuesto general, precios<br/>unitarios y cronogramas.<br/>La memoria de cálculo fue realizada mediante AASHTO, DGC. y AGIES, en sus códigos de carreteras y para puentes AASHTO Standard, también el ACI 318-14 para los elementos de concreto reforzado, y la PCA para el diseño del pavimento.<br/>Se consideró la mejor ruta mediante los conocimientos técnicos con base a costos,<br/>volúmenes de corte, manejabilidad, transitividad y pendiente del terreno, y en puentes se consideraron cargas vivas, muertas, y de sismo, así como los estudios hidrológicos e hidráulicos para la seguridad estructural de estos. |
| 650 ## - PUNTO DE ACCESO ADICIONAL DE MATERIA--TÉRMINO DE MATERIA | |
| Fuente del encabezamiento o término | LEMB |
| Término de materia o nombre geográfico como elemento de entrada | San Pablo Tamahú, Alta Verapaz. |
| Subdivisión general | Ingeniería |
| -- | Carretera |
| -- | Puente |
| -- | Tamahú |
| -- | Concreto |
| -- | Pavimento |
| 700 ## - ENTRADA AGREGADA--NOMBRE PERSONAL | |
| Nombre de persona | Ing. Civil Marlon Alexander Moran Castro |
| Término indicativo de función/relación | Asesor |
| 856 ## - LOCALIZACIÓN Y ACCESO ELECTRÓNICOS | |
| Identificador Uniforme de Recurso | <a href="https://drive.google.com/file/d/1oVTM3ckGn6fqVSb3q9X5R33hGz2QI-04/view">https://drive.google.com/file/d/1oVTM3ckGn6fqVSb3q9X5R33hGz2QI-04/view</a> |
| Texto de enlace | |
| Nota pública | Un ejemplar en línea. |
| 942 ## - ELEMENTOS DE ENTRADA SECUNDARIOS (KOHA) | |
| Fuente de la clasificación o esquema de estantería | Clasificación Decimal Dewey |
| Tipo de ítem Koha | TESIS |
| Parte de la signatura que identifica el ejemplar (Parte del ítem) | TIC 0012 |
| Prefijo de la signatura | Clasificación |
| Suprimir en OPAC | No |
| -- | TIC_0012_000000000000000 |
| Estatus retirado | Estado de pérdida | Fuente de la clasificación o esquema de estantería | Estado de daño | No para préstamo | Colección | Biblioteca de origen | Biblioteca actual | Ubicación en estantería | Fecha de adquisición | Número de inventario | Total de préstamos | Signatura topográfica completa | Código de barras | Visto por última vez | Precio de reemplazo | Tipo de ítem Koha |
|---|---|---|---|---|---|---|---|---|---|---|---|---|---|---|---|---|
| Clasificación Decimal Dewey | tesis | BIBLIOTECA- CUNOR -JOSÉ LUIS GONZALES ROSALES | BIBLIOTECA- CUNOR -JOSÉ LUIS GONZALES ROSALES | Colección tesis | 16/09/2025 | TIC 0012 | TIC 0012 | TIC 0012 | 16/09/2025 | 16/09/2025 | TESIS |